| 000 | 01076nam a2200313 a 4500 | ||
|---|---|---|---|
| 001 | 82396 | ||
| 003 | BD-RjUL | ||
| 005 | 20231204111231.0 | ||
| 008 | 231204r20192011ii a b 001 0 eng | ||
| 020 | _a 9788126540662 | ||
| 035 | _a(BD-RjUL)82396 | ||
| 040 |
_aDNLM/DLC _cDLC _dYDX _dBWX _dDLC _dBD-RjUL _beng |
||
| 041 | _aeng | ||
| 082 | 0 | 0 |
_222 _a615.101579 _bHUG 2019 |
| 245 | 0 | 0 |
_aHugo and Russell's pharmaceutical microbiology / _cedited by Stephen P. Denyer ... [et al.]. |
| 246 | 3 | 0 | _aPharmaceutical microbiology |
| 250 | _a8th ed. | ||
| 260 |
_aNew Delhi : _bWiley India Pvt. Ltd., _c2011 [reprinted 2019] |
||
| 300 |
_ax, 513 p. : _bill. ; _c25 cm. |
||
| 504 | _aIncludes bibliographical references and index. | ||
| 650 | 0 |
_aPharmaceutical microbiology. _910321 |
|
| 650 | 1 | 2 |
_aAnti-Infective Agents. _9874 |
| 650 | 2 | 2 |
_aMicrobiological Phenomena. _910301 |
| 650 | 2 | 2 |
_aMicrobiological Techniques. _98009 |
| 650 | 2 | 2 |
_aTechnology, Pharmaceutical. _910322 |
| 700 | 1 |
_aDenyer, S. P. _910323 |
|
| 700 | 1 |
_aHugo, W. B. _q(William Barry). _910324 |
|
| 942 |
_2ddc _cBK |
||
| 999 |
_c82396 _d82396 |
||